Estadísticas para Parques Nacionales de Argentina en un Mapa

Haz click aquí para intentar la prueba.

Estadísticas generales

  • Esta prueba ha sido intentada 8 veces
  • La puntuación promedio es 11 de 39

Respuestas en el mapa

Las respuestas están codificadas por una escala verde-roja en el mapa de la prueba según el % correcto abajo.
 

Estadísticas de respuestas

ProvinciaParque Nacional% Correcto
CórdobaAnsenuza
88%
MisionesIguazú
75%
ChubutLos Alerces
63%
Santa CruzPerito Moreno
63%
La RiojaTalampaya
63%
Entre RíosEl Palmar
50%
CorrientesIberá
50%
Santa CruzLos Glaciares
50%
Neuquén y Río NegroNahuel Huapi
50%
ChacoEl Impenetrable
38%
San LuisSierra de las Quijadas
38%
Tierra del FuegoTierra del Fuego
38%
ChacoChaco
25%
Buenos AiresCiervo de los Pantanos
25%
San JuanEl Leoncito
25%
ChubutLago Puelo
25%
La PampaLihuel Calel
25%
NeuquénLos Arrayanes
25%
Santa CruzPatagonia
25%
CórdobaQuebrada del Condorito
25%
TucumánAconquija
13%
SaltaBaritú
13%
Santa CruzBosques Petrificados
13%
JujuyCalilegua
13%
Buenos AiresCampos del Tuyú
13%
Santiago del EsteroCopo
13%
SaltaEl Rey
13%
Santa FeIslas de Santa Fe
13%
Río NegroIslote Lobos
13%
NeuquénLaguna Blanca
13%
ChacoLaguna El Palmar
13%
NeuquénLanín
13%
SaltaLos Cardones
13%
CorrientesMburucuyá
13%
Santa CruzMonte León
13%
Entre RíosPre-Delta
13%
FormosaRío Pilcomayo
13%
San JuanSan Guillermo
13%
CórdobaTraslasierra
13%

Distribución de puntuación

Porcentaje por número respondido

Porcentaje de gente con cada puntuación

Historial de tus puntuaciones

No has intentado esta prueba.